[Event "zonal 1.6"]
[Site "Samara RUS"]
[Date "2000.06.25"]
[Round "9"]
[White "Sapunov, Evgeny"]
[Black "Riazantsev, Alexander"]
[Result "1/2-1/2"]
[WhiteElo "2498"]
[BlackElo "2442"]
[EventDate "2000.06.03"]
[PlyCount "62"]

1.c4 c6 2.Nf3 d5 3.d4 Nf6 4.Nc3 e6 5.Bg5 h6 6.Bxf6 Qxf6 7.e3 Nd7 8.Bd3 
dxc4 9.Bxc4 g6 10.O-O Bg7 11.Rc1 O-O 12.e4 e5 13.d5 Nb6 14.dxc6 bxc6 15.
Be2 h5 16.Nb1 Bg4 17.Rc3 Rfc8 18.Qc2 Bh6 19.Rd1 Rc7 20.Na3 Bf8 21.Nc4 Nxc4
22.Bxc4 Rb8 23.h3 Be6 24.Bxe6 Qxe6 25.b3 Be7 26.Rcd3 Rb4 27.Nd2 Rd4 28.
Rxd4 exd4 29.Nc4 c5 30.Qd3 Bd6 31.Rf1 Bf4 1/2-1/2

[Event "zonal 1.6"]
[Site "Samara RUS"]
[Date "2000.06.25"]
[Round "9"]
[White "Shaposhnikov, Evgeny"]
[Black "Alavkin, Arseny"]
[Result "1-0"]
[WhiteElo "2503"]
[BlackElo "2397"]
[EventDate "2000.06.03"]
[PlyCount "55"]

1.e4 e6 2.d4 d5 3.Nc3 Nf6 4.e5 Nfd7 5.f4 c5 6.Nf3 Nc6 7.Be3 a6 8.Qd2 b5 9.
Qf2 Qb6 10.Bd3 cxd4 11.Nxd4 Bc5 12.Nce2 b4 13.O-O f6 14.Kh1 O-O 15.exf6 
Rxf6 16.Nxc6 Bxe3 17.Qg3 Bb7 18.Ne5 Nxe5 19.fxe5 Bf2 20.Qg4 Rh6 21.Nf4 Rf8
22.Nh5 Rf7 23.Nf6+ Kh8 24.Nxh7 Qe3 25.Rae1 Qf4 26.Qxf4 Rxf4 27.Ng5 d4 28.
Re2 1-0

[Event "zonal 1.6"]
[Site "Samara RUS"]
[Date "2000.06.25"]
[Round "9"]
[White "Kornev, Alexei"]
[Black "Yevseev, Denis"]
[Result "1-0"]
[WhiteElo "2384"]
[BlackElo "2496"]
[EventDate "2000.06.03"]
[PlyCount "79"]

1.e4 c6 2.d4 d5 3.e5 Bf5 4.h4 Qb6 5.Ne2 h5 6.Ng3 Bg4 7.Qd3 g6 8.Nc3 Nh6 9.
Be2 e6 10.Bxg4 Nxg4 11.Bg5 Nd7 12.O-O Be7 13.Nce2 Bxg5 14.hxg5 O-O-O 15.
Qf3 Rdf8 16.b3 Ngxe5 17.dxe5 h4 18.Nh1 Nxe5 19.Qf4 Nd7 20.c4 h3 21.Nhg3 f6
22.cxd5 exd5 23.gxh3 fxg5 24.Qxg5 Kb8 25.Nf4 Rf6 26.Rae1 Qc7 27.Re7 Rxf4 
28.Rxd7 Qxd7 29.Qxf4+ Ka8 30.Qg4 Qd6 31.Re1 a6 32.Re6 Qc5 33.Rxg6 Ka7 34.
Nf5 Kb6 35.Kg2 Rf8 36.b4 Qc3 37.Qd4+ Qxd4 38.Nxd4 a5 39.a3 axb4 40.axb4 
1-0

[Event "zonal 1.6"]
[Site "Samara RUS"]
[Date "2000.06.25"]
[Round "9"]
[White "Yakovich, Yury"]
[Black "Sultanov, Alexander"]
[Result "1-0"]
[WhiteElo "2580"]
[BlackElo "2294"]
[EventDate "2000.06.03"]
[PlyCount "63"]

1.d4 Nf6 2.c4 e6 3.Nf3 b6 4.Nc3 Bb4 5.Qb3 Qe7 6.Bf4 Bxc3+ 7.Qxc3 d6 8.e3 
Bb7 9.Qc2 Nbd7 10.Be2 h6 11.h3 O-O 12.O-O c5 13.Bh2 Rfc8 14.b3 d5 15.Qb2 
dxc4 16.bxc4 cxd4 17.exd4 Nb8 18.Rfd1 Rd8 19.c5 bxc5 20.dxc5 Bd5 21.Bd6 
Qb7 22.Qa3 Ne8 23.Rab1 Qc8 24.Ne5 Nxd6 25.cxd6 Rf8 26.Rbc1 Qd8 27.Rc7 Qg5 
28.Qg3 Qd8 29.Bh5 Qxd6 30.Bxf7+ Kh7 31.Bg6+ Kg8 32.Bh7+ 1-0

[Event "zonal 1.6"]
[Site "Samara RUS"]
[Date "2000.06.25"]
[Round "9"]
[White "Bocharov, Dmitry"]
[Black "Yashtylov, Anatoly"]
[Result "1/2-1/2"]
[WhiteElo "2475"]
[BlackElo "2319"]
[EventDate "2000.06.03"]
[PlyCount "59"]

1.d4 d5 2.Nf3 c6 3.c4 e6 4.Nbd2 f5 5.g3 Bd6 6.Bg2 Nd7 7.O-O Ngf6 8.b3 O-O 
9.Bb2 b6 10.cxd5 cxd5 11.Ng5 Re8 12.Nc4 Bf8 13.Ba3 Bxa3 14.Nxa3 Ba6 15.Nc2
Qe7 16.a3 Rac8 17.Nb4 Bb5 18.Qd2 a5 19.Nd3 Ne4 20.Nxe4 dxe4 21.Nf4 Nf6 22.
f3 e5 23.dxe5 Qxe5 24.fxe4 fxe4 25.Qe3 Ng4 26.Qxb6 Rc6 27.Qa7 Rc7 28.Qb6 
Rc6 29.Qa7 Rc7 30.Qb6 1/2-1/2

[Event "zonal 1.6"]
[Site "Samara RUS"]
[Date "2000.06.25"]
[Round "9"]
[White "Khliyan, Eduard"]
[Black "Belitsky, Alexander"]
[Result "1/2-1/2"]
[WhiteElo "2454"]
[BlackElo "2306"]
[EventDate "2000.06.03"]
[PlyCount "143"]

1.d4 Nf6 2.c4 e6 3.Nf3 b6 4.g3 Bb7 5.Bg2 Be7 6.Nc3 Ne4 7.Bd2 d6 8.d5 Nxd2 
9.Qxd2 e5 10.O-O a5 11.Ne1 Na6 12.Nc2 Nc5 13.b3 O-O 14.f4 Bf6 15.e4 Bc8 
16.f5 Bd7 17.Qe2 Rb8 18.Rab1 Qe7 19.Rf2 Qe8 20.Na3 g6 21.Bh3 Qe7 22.Kg2 
Ra8 23.Rbf1 Bg5 24.Bg4 f6 25.h4 Bh6 26.fxg6 hxg6 27.h5 Be8 28.Nc2 Bg5 29.
Ne1 gxh5 30.Bxh5 Bxh5 31.Qxh5 Rf7 32.Rh1 Rh7 33.Qxh7+ Qxh7 34.Rxh7 Kxh7 
35.Kf3 Kg6 36.Nb5 Rc8 37.Rh2 f5 38.exf5+ Kxf5 39.Rh7 e4+ 40.Ke2 Kg6 41.
Rxc7 Rh8 42.Rc6 Rh2+ 43.Kf1 Nd3 44.Nxd6 Ne5 45.Nxe4+ Nxc6 46.dxc6 Bd8 47.
Nc3 Kf7 48.Nf3 Rc2 49.Nd5 Rxa2 50.c7 Bxc7 51.Nxc7 Ra3 52.Nd2 a4 53.bxa4 
Rxa4 54.Kf2 Ra3 55.Nb5 Rd3 56.Ne4 Kg6 57.Ke2 Rb3 58.Nbc3 Kf5 59.Kd3 Ke5 
60.g4 Rb2 61.g5 Rh2 62.Ne2 Rh8 63.N2g3 Rc8 64.Nf5 Rh8 65.Nfd6 Rh3+ 66.Ke2 
Kf4 67.Kf2 Rh2+ 68.Kg1 Ra2 69.Kf1 Ke5 70.Ke1 Kd4 71.Nd2 Ke3 72.Nf1+ 
1/2-1/2

[Event "zonal 1.6"]
[Site "Samara RUS"]
[Date "2000.06.25"]
[Round "9"]
[White "Tunik, Gennady"]
[Black "Utnasunov, Alexander"]
[Result "1-0"]
[WhiteElo "2442"]
[BlackElo "2175"]
[EventDate "2000.06.03"]
[PlyCount "41"]

1.d4 d5 2.c4 c6 3.Nf3 Nf6 4.Nc3 e6 5.e3 Nbd7 6.Bd3 dxc4 7.Bxc4 b5 8.Be2 a6
9.e4 b4 10.e5 bxc3 11.exf6 Nxf6 12.bxc3 Bd6 13.Qa4 Bd7 14.Ne5 O-O 15.Bf3 
Nd5 16.c4 Bxe5 17.dxe5 Qh4 18.O-O Nb6 19.Qa5 Nxc4 20.Qc5 Rab8 21.g3 1-0

[Event "zonal 1.6"]
[Site "Samara RUS"]
[Date "2000.06.26"]
[Round "10"]
[White "Zviagintsev, Vadim"]
[Black "Ikonnikov, Viacheslav"]
[Result "1/2-1/2"]
[WhiteElo "2645"]
[BlackElo "2550"]
[EventDate "2000.06.03"]
[PlyCount "35"]

1.e4 c5 2.Nf3 Nc6 3.Nc3 e5 4.Bc4 Be7 5.d3 Nf6 6.Ng5 O-O 7.f4 exf4 8.Bxf4 
d6 9.O-O h6 10.Nh3 Be6 11.Bxe6 fxe6 12.Bg3 e5 13.Nf2 Qd7 14.Nd5 Nxd5 15.
exd5 Nd4 16.c3 Nf5 17.Qe2 Rf7 18.Ne4 1/2-1/2

[Event "zonal 1.6"]
[Site "Samara RUS"]
[Date "2000.06.26"]
[Round "10"]
[White "Fominykh, Alexander"]
[Black "Kharlov, Andrei"]
[Result "1/2-1/2"]
[WhiteElo "2550"]
[BlackElo "2615"]
[EventDate "2000.06.03"]
[PlyCount "81"]

1.c4 c6 2.Nf3 d5 3.d4 e6 4.Qc2 dxc4 5.Qxc4 Nf6 6.Bg5 b5 7.Qc2 Bb7 8.e3 
Nbd7 9.Nbd2 a6 10.a4 Qb6 11.Be2 Bb4 12.O-O O-O 13.Nb3 Rac8 14.Bxf6 gxf6 
15.a5 Qa7 16.Qe4 c5 17.Qg4+ Kh8 18.dxc5 Bxc5 19.Rfd1 Bxf3 20.Bxf3 Ne5 21.
Qe4 Be7 22.Nd4 Rc7 23.Be2 Qa8 24.Qxa8 Rxa8 25.b3 f5 26.Rdc1 Rxc1+ 27.Rxc1 
Bb4 28.Rc2 Bxa5 29.Ra2 Bb6 30.Nxb5 Kg7 31.g3 a5 32.Kg2 Rc8 33.h3 Kf6 34.
Rd2 Ke7 35.Bd1 Rc1 36.g4 fxg4 37.hxg4 Bc5 38.Be2 Bb4 39.Rd1 Rxd1 40.Bxd1 
h6 41.Be2 1/2-1/2

[Event "zonal 1.6"]
[Site "Samara RUS"]
[Date "2000.06.26"]
[Round "10"]
[White "Ibragimov, Ildar"]
[Black "Ivanov, Sergei"]
[Result "1/2-1/2"]
[WhiteElo "2611"]
[BlackElo "2543"]
[EventDate "2000.06.03"]
[PlyCount "97"]

1.b3 d5 2.Bb2 c5 3.e3 Nf6 4.Bb5+ Bd7 5.Qe2 e6 6.Nf3 Nc6 7.O-O Be7 8.Bxc6 
Bxc6 9.Ne5 Rc8 10.d3 O-O 11.Nd2 Nd7 12.Nxc6 Rxc6 13.e4 b5 14.a4 a6 15.c4 
bxc4 16.bxc4 d4 17.e5 Qb8 18.Nf3 Rb6 19.Bc1 Bd8 20.Qe4 Qb7 21.Qg4 Kh8 22.
Qh5 Rb3 23.Rd1 Qb8 24.h3 Kg8 25.Kh1 Bc7 26.Bf4 f6 27.Qg4 f5 28.Qh5 Qe8 29.
Qh4 h6 30.Rab1 Qb8 31.Nd2 Rb4 32.Rxb4 cxb4 33.Qe7 Qe8 34.Qxb4 Bxe5 35.Bxe5
Nxe5 36.Nb3 Qh5 37.Qe1 Kh7 38.Rd2 f4 39.Qe4+ Kh8 40.f3 Rb8 41.Rb2 Nd7 42.
Qxf4 Qe5 43.Qc1 Qe3 44.Qd1 Nc5 45.Re2 Nxd3 46.Rxe3 Nf2+ 47.Kg1 Nxd1 48.Re1
Rxb3 49.Rxd1 1/2-1/2

[Event "zonal 1.6"]
[Site "Samara RUS"]
[Date "2000.06.26"]
[Round "10"]
[White "Lugovoi, Alexei"]
[Black "Shariazdanov, Andrei"]
[Result "0-1"]
[WhiteElo "2515"]
[BlackElo "2605"]
[EventDate "2000.06.03"]
[PlyCount "83"]

1.d4 Nf6 2.c4 e6 3.Nc3 Bb4 4.e3 b6 5.Bd3 Bb7 6.Nf3 O-O 7.O-O d5 8.a3 Bd6 
9.cxd5 exd5 10.b4 Nbd7 11.Bb2 Re8 12.Qc2 a6 13.b5 Qe7 14.a4 axb5 15.axb5 
Ne4 16.Rfd1 h6 17.Bf1 Ng5 18.Nxg5 Qxg5 19.g3 h5 20.Bg2 h4 21.Rxa8 Rxa8 22.
e4 Qg6 23.Bh3 hxg3 24.hxg3 Nf6 25.Bf5 Qh5 26.e5 Bxe5 27.Kg2 Ne4 28.Bd7 Bd6
29.Rh1 Qg6 30.Rh4 Nxc3 31.Qxc3 Rd8 32.Qe1 Qf6 33.Qh1 g6 34.Qh3 Bf8 35.Bc1 
Bg7 36.Bf4 Qe7 37.Rh7 Rxd7 38.Rxg7+ Kxg7 39.Qh6+ Kg8 40.Be5 f6 41.Qxg6+ 
Kf8 42.Bxf6 0-1

[Event "zonal 1.6"]
[Site "Samara RUS"]
[Date "2000.06.26"]
[Round "10"]
[White "Popov, Valery"]
[Black "Bezgodov, Alexei"]
[Result "1-0"]
[WhiteElo "2534"]
[BlackElo "2576"]
[EventDate "2000.06.03"]
[PlyCount "136"]

1.d4 d5 2.Nf3 c5 3.c4 e6 4.cxd5 exd5 5.Nc3 Nc6 6.g3 Nf6 7.Bg2 Be7 8.O-O 
O-O 9.Bg5 cxd4 10.Nxd4 h6 11.Bf4 Bg4 12.h3 Bd7 13.Rc1 Qb6 14.Nb3 Rad8 15.
Be3 d4 16.Bxd4 Nxd4 17.Qxd4 Qxd4 18.Nxd4 Bxh3 19.Bxh3 Rxd4 20.Rfd1 Rfd8 
21.Rxd4 Rxd4 22.Rc2 Rc4 23.Rd2 a6 24.Bg2 b5 25.Bb7 b4 26.Nd5 Nxd5 27.Bxd5 
Rc1+ 28.Kg2 Bf6 29.f4 Rb1 30.Bc4 Rxb2 31.Rd7 a5 32.Ra7 Rd2 33.Kf3 a4 34.e4
b3 35.axb3 axb3 36.Bxf7+ Kf8 37.e5 b2 38.Bg6 Be7 39.Rb7 h5 40.Rb8+ Bd8 41.
Bxh5 Ke7 42.Rb7+ Kf8 43.Bg6 Be7 44.Rb8+ Rd8 45.Rxb2 Ra8 46.Rb7 Rc8 47.Kg4 
Rd8 48.Bf5 Kf7 49.Bc2 Kf8 50.Bb3 Ra8 51.Kf5 Rd8 52.Ke6 Ra8 53.Kf5 Rd8 54.
g4 Ra8 55.Bd5 Rd8 56.Ke6 Bc5 57.Bc6 Kg8 58.f5 Be3 59.f6 gxf6 60.exf6 Bc5 
61.Rg7+ Kh8 62.Rd7 Rxd7 63.Bxd7 Kh7 64.Kf5 Be3 65.g5 Kg8 66.Be6+ Kh8 67.g6
Bh6 68.Ke4 Bf8 1-0

[Event "zonal 1.6"]
[Site "Samara RUS"]
[Date "2000.06.26"]
[Round "10"]
[White "Tregubov, Pavel"]
[Black "Smikovsky, Ivan"]
[Result "1-0"]
[WhiteElo "2615"]
[BlackElo "2492"]
[EventDate "2000.06.03"]
[PlyCount "83"]

1.d4 Nf6 2.c4 e6 3.Nf3 b6 4.g3 Ba6 5.Nbd2 d5 6.Bg2 Be7 7.O-O O-O 8.Ne5 c5 
9.dxc5 Bxc5 10.Nb3 Nbd7 11.Nxd7 Qxd7 12.Nxc5 bxc5 13.cxd5 exd5 14.Bg5 Rae8
15.Bxf6 gxf6 16.Qxd5 Qxd5 17.Bxd5 Rxe2 18.Rfc1 Rd8 19.Rd1 Kg7 20.b3 Rb2 
21.Bf3 Rxd1+ 22.Bxd1 Bd3 23.a4 Bb1 24.a5 Kf8 25.Kf1 Bc2 26.Bxc2 Rxc2 27.
Ra4 Rc1+ 28.Ke2 Rc2+ 29.Kd3 Rxf2 30.Kc4 Rc2+ 31.Kb5 Ke7 32.Rc4 Rxh2 33.
Rxc5 Rb2 34.Rc3 Rd2 35.Ka6 Rd7 36.b4 f5 37.b5 Kf6 38.b6 axb6 39.axb6 Kg5 
40.Rc4 Rd6 41.Rb4 h5 42.Ka7 1-0

[Event "zonal 1.6"]
[Site "Samara RUS"]
[Date "2000.06.26"]
[Round "10"]
[White "Dvoirys, Semen"]
[Black "Lastin, Alexander"]
[Result "1-0"]
[WhiteElo "2591"]
[BlackElo "2510"]
[EventDate "2000.06.03"]
[PlyCount "61"]

1.e4 e6 2.d4 d5 3.e5 c5 4.c3 Qb6 5.Nf3 Nc6 6.a3 c4 7.Nbd2 Na5 8.Be2 Bd7 9.
Rb1 Ne7 10.g3 Nec6 11.O-O Be7 12.Re1 h6 13.h4 Qc7 14.Bf1 a6 15.h5 b5 16.
Nh2 O-O-O 17.b3 cxb3 18.Nxb3 Nxb3 19.Qxb3 Na5 20.Qd1 Nc4 21.Ng4 Qa5 22.Ne3
Bc6 23.Qf3 Qxc3 24.Bb2 Nxb2 25.Rec1 Qxd4 26.Rxc6+ Kd7 27.Rxa6 Ke8 28.Bxb5+
Kf8 29.Rxe6 Bxa3 30.Ra6 Be7 31.Nf5 1-0

[Event "zonal 1.6"]
[Site "Samara RUS"]
[Date "2000.06.26"]
[Round "10"]
[White "Kobalia, Mikhail"]
[Black "Zakharevich, Igor"]
[Result "1-0"]
[WhiteElo "2593"]
[BlackElo "2486"]
[EventDate "2000.06.03"]
[PlyCount "79"]

1.d4 Nf6 2.c4 g6 3.Nc3 Bg7 4.e4 d6 5.Nf3 O-O 6.Be2 e5 7.O-O Qe8 8.dxe5 
dxe5 9.b4 Qe7 10.b5 c6 11.Qb3 Rd8 12.Ba3 Qc7 13.Rad1 Rxd1 14.Rxd1 Ne8 15.
c5 Be6 16.Nd5 cxd5 17.exd5 Bf5 18.Bc4 Bg4 19.h3 Bxf3 20.Qxf3 Nd6 21.cxd6 
Qc8 22.Bf1 Nd7 23.Rc1 Qe8 24.Rc7 b6 25.Qc3 e4 26.Qc6 Rd8 27.Bc1 Bd4 28.Bg5
f6 29.Be3 Bxe3 30.fxe3 f5 31.Rxa7 g5 32.Be2 Qf7 33.a4 g4 34.hxg4 f4 35.Qc7
Qf6 36.exf4 Qh4 37.g5 Qe1+ 38.Bf1 e3 39.Qxd8+ Nf8 40.g6 1-0

[Event "zonal 1.6"]
[Site "Samara RUS"]
[Date "2000.06.26"]
[Round "10"]
[White "Sapunov, Evgeny"]
[Black "Burmakin, Vladimir"]
[Result "1/2-1/2"]
[WhiteElo "2498"]
[BlackElo "2567"]
[EventDate "2000.06.03"]
[PlyCount "74"]

1.d4 d5 2.c4 e6 3.Nf3 Nf6 4.Nc3 Nbd7 5.Bg5 Be7 6.e3 h6 7.Bf4 O-O 8.Qc2 c5 
9.dxc5 Nxc5 10.Be2 Nce4 11.Nxe4 dxe4 12.Nd2 Qa5 13.O-O e5 14.Bg3 Bf5 15.a3
Qc7 16.b4 b6 17.Nb3 Rfe8 18.Qb2 Bf8 19.Rac1 Rac8 20.c5 bxc5 21.Nxc5 Qb8 
22.Na6 Qd6 23.Rfd1 Qe7 24.Nc5 Nd7 25.Ba6 Rc7 26.Bb5 Nxc5 27.Bxe8 Qxe8 28.
bxc5 f6 29.Qb4 Qc6 30.Rd8 Kf7 31.Qb8 Bxc5 32.Rh8 Bc8 33.h3 Qb7 34.Qxb7 
Bxb7 35.Rb8 Ba6 36.Ra8 Bd3 37.Kh2 Be2 1/2-1/2

[Event "zonal 1.6"]
[Site "Samara RUS"]
[Date "2000.06.26"]
[Round "10"]
[White "Makarov, Marat"]
[Black "Scherbakov, Ruslan"]
[Result "0-1"]
[WhiteElo "2513"]
[BlackElo "2552"]
[EventDate "2000.06.03"]
[PlyCount "72"]

1.Nf3 c5 2.c4 Nf6 3.Nc3 Nc6 4.d4 cxd4 5.Nxd4 e6 6.Nxc6 bxc6 7.g3 h5 8.Bg2 
h4 9.e4 e5 10.Be3 Bb4 11.O-O Qe7 12.Rc1 hxg3 13.hxg3 Qe6 14.f3 Nh5 15.Ne2 
Ba6 16.b3 Rd8 17.a3 Be7 18.f4 Qh6 19.Rf3 Nf6 20.fxe5 Qh2+ 21.Kf1 Ng4 22.
Bg1 Qh6 23.Nd4 g6 24.Rf4 Nxe5 25.Qd2 Bg5 26.Ne2 d6 27.Qa5 Bc8 28.Be3 Qh5 
29.Qxa7 Bh3 30.Ng1 Bxg2+ 31.Kxg2 Bxf4 32.Bxf4 Qh1+ 33.Kf1 Rh2 34.Qd4 Qg2+ 
35.Ke1 Nf3+ 36.Nxf3 Qe2# 0-1

[Event "zonal 1.6"]
[Site "Samara RUS"]
[Date "2000.06.26"]
[Round "10"]
[White "Iliushin, Alexei"]
[Black "Sveshnikov, Evgeny"]
[Result "0-1"]
[WhiteElo "2515"]
[BlackElo "2540"]
[EventDate "2000.06.03"]
[PlyCount "86"]

1.d4 d5 2.c4 e6 3.Nf3 Nf6 4.Bg5 dxc4 5.Qa4+ Nbd7 6.e4 a6 7.Qxc4 c5 8.Nbd2 
cxd4 9.e5 h6 10.Bh4 g5 11.Bg3 Nh5 12.Qxd4 Qa5 13.Bc4 Bg7 14.O-O-O Qc5 15.
Qc3 Nxg3 16.hxg3 Bxe5 17.Nxe5 Qxe5 18.Ne4 Qxc3+ 19.bxc3 Ke7 20.Nxg5 Nf6 
21.Rh4 Bd7 22.Nf3 Rac8 23.Kb2 Rc5 24.Nd2 Rhc8 25.Bb3 Bc6 26.f3 h5 27.c4 
Re5 28.Nf1 b5 29.Rd2 Rb8 30.Rc2 b4 31.Rd4 a5 32.Rf2 Nd7 33.Bc2 Re1 34.Rd1 
Rxd1 35.Bxd1 Ne5 36.Be2 Rd8 37.f4 Nd3+ 38.Bxd3 Rxd3 39.Rd2 Rc3 40.Rc2 
Rxc2+ 41.Kxc2 Bxg2 42.Ne3 Be4+ 43.Kb3 Kd6 0-1

[Event "zonal 1.6"]
[Site "Samara RUS"]
[Date "2000.06.26"]
[Round "10"]
[White "Riazantsev, Alexander"]
[Black "Ulybin, Mikhail"]
[Result "1/2-1/2"]
[WhiteElo "2442"]
[BlackElo "2580"]
[EventDate "2000.06.03"]
[PlyCount "37"]

1.d4 e6 2.c4 f5 3.g3 Nf6 4.Bg2 c6 5.Nf3 d5 6.O-O Bd6 7.Bf4 Bxf4 8.gxf4 O-O
9.e3 Qe7 10.Nbd2 b6 11.Rc1 Bb7 12.Ne5 Kh8 13.a3 Rc8 14.Qa4 c5 15.dxc5 bxc5
16.b4 Nbd7 17.Nxd7 Nxd7 18.cxd5 Bxd5 19.Bxd5 1/2-1/2

[Event "zonal 1.6"]
[Site "Samara RUS"]
[Date "2000.06.26"]
[Round "10"]
[White "Yevseev, Denis"]
[Black "Grechikhin, Valery"]
[Result "1-0"]
[WhiteElo "2496"]
[BlackElo "2521"]
[EventDate "2000.06.03"]
[PlyCount "84"]

1.d4 Nf6 2.Bg5 c6 3.Nc3 Qb6 4.Rb1 d5 5.Bxf6 exf6 6.e3 Bb4 7.Qd2 Bf5 8.Nge2
Nd7 9.Ng3 Be6 10.Bd3 c5 11.a3 cxd4 12.exd4 Bd6 13.Nf5 O-O 14.O-O g6 15.
Nxd6 Qxd6 16.Ne2 f5 17.Qf4 Qxf4 18.Nxf4 Nf6 19.Rfe1 Bd7 20.Re5 Bc6 21.f3 
Rfe8 22.b4 a6 23.Rbe1 Rxe5 24.Rxe5 Nd7 25.Re1 b5 26.Kf2 a5 27.Ne2 axb4 28.
axb4 Ra4 29.Rb1 Nb6 30.Nc3 Ra8 31.Nxb5 Bxb5 32.Bxb5 Rc8 33.Bd3 Kf8 34.Ra1 
Ke7 35.Ra7+ Ke6 36.Ke2 f4 37.Kd2 h5 38.Rb7 Rc6 39.b5 Rd6 40.Kc3 h4 41.Kb4 
h3 42.gxh3 g5 1-0

[Event "zonal 1.6"]
[Site "Samara RUS"]
[Date "2000.06.26"]
[Round "10"]
[White "Ionov, Sergei"]
[Black "Tunik, Gennady"]
[Result "1-0"]
[WhiteElo "2558"]
[BlackElo "2442"]
[EventDate "2000.06.03"]
[PlyCount "57"]

1.d4 Nf6 2.c4 e6 3.Nf3 b6 4.Nc3 Bb4 5.Qb3 a5 6.Bg5 h6 7.Bh4 Bb7 8.e3 d6 9.
Bd3 Nbd7 10.O-O-O Bxc3 11.Qxc3 g5 12.Bg3 Ne4 13.Bxe4 Bxe4 14.Rhg1 f5 15.
Nd2 Bb7 16.f3 Qf6 17.Rge1 O-O-O 18.e4 f4 19.Bf2 c5 20.e5 cxd4 21.Bxd4 dxe5
22.Rxe5 Nxe5 23.Bxe5 Qf8 24.c5 bxc5 25.Nc4 Rxd1+ 26.Kxd1 Rg8 27.Nb6+ Kd8 
28.Qd3+ Bd5 29.Qh7 1-0

[Event "zonal 1.6"]
[Site "Samara RUS"]
[Date "2000.06.26"]
[Round "10"]
[White "Naer, Evgeny"]
[Black "Smirnov, Pavel"]
[Result "1-0"]
[WhiteElo "2572"]
[BlackElo "2426"]
[EventDate "2000.06.03"]
[PlyCount "101"]

1.e4 e5 2.Nf3 Nc6 3.Bb5 a6 4.Ba4 Nf6 5.O-O Be7 6.Re1 b5 7.Bb3 O-O 8.a4 Bb7
9.d3 Re8 10.Nc3 b4 11.Nd5 Na5 12.Nxe7+ Qxe7 13.Ba2 h6 14.Nh4 d5 15.Nf5 Qe6
16.Bxh6 gxh6 17.Qd2 Nh7 18.Qxb4 Qb6 19.Qd2 dxe4 20.Nxh6+ Kf8 21.Nxf7 c5 
22.dxe4 c4 23.Nd6 Re6 24.Nxb7 Nxb7 25.Bxc4 Rd8 26.Qe3 Qxe3 27.Rxe3 Rb6 28.
Rb3 Rxb3 29.cxb3 a5 30.Bd5 Nd6 31.f3 Nf6 32.Be6 Ke7 33.Bh3 Nf7 34.Rc1 Ng5 
35.Bf5 Nh5 36.Rc7+ Kf6 37.Ra7 Nf4 38.h4 Nge6 39.Ra6 Ke7 40.Bxe6 Nxe6 41.
Rxa5 Rd1+ 42.Kh2 Kf6 43.Rd5 Rb1 44.Rd2 Nc5 45.Rd6+ Ne6 46.Rd2 Nc5 47.a5 
Nxb3 48.Rd6+ Ke7 49.Rd5 Ke6 50.Rb5 Nd2 51.a6 1-0

[Event "zonal 1.6"]
[Site "Samara RUS"]
[Date "2000.06.26"]
[Round "10"]
[White "Meister, Yakov"]
[Black "Poluliakhov, Alexander"]
[Result "0-1"]
[WhiteElo "2473"]
[BlackElo "2526"]
[EventDate "2000.06.03"]
[PlyCount "72"]

1.e4 c5 2.Nc3 e6 3.f4 Nc6 4.Nf3 a6 5.g3 d5 6.Bg2 Nf6 7.d3 Be7 8.O-O O-O 9.
Qe1 b5 10.e5 Ne8 11.g4 f6 12.Bd2 b4 13.Nd1 Nc7 14.Qg3 a5 15.exf6 Bxf6 16.
g5 Be7 17.Ne3 a4 18.Ng4 Nb5 19.Nfe5 Nxe5 20.fxe5 Nd4 21.Rxf8+ Bxf8 22.Qf2 
Nxc2 23.Rf1 Qe8 24.Kh1 Nd4 25.Bxb4 Ba6 26.Bc3 Bxd3 27.Rd1 Be2 28.Rxd4 cxd4
29.Qxd4 Rc8 30.Ne3 a3 31.Qd2 Qh5 32.bxa3 Bxa3 33.Nc2 Bc5 34.Ne1 Bf2 35.Nd3
Bxd3 36.Qxd3 Rxc3 0-1

[Event "zonal 1.6"]
[Site "Samara RUS"]
[Date "2000.06.26"]
[Round "10"]
[White "Maliutin, Evgeny"]
[Black "Aseev, Konstantin"]
[Result "0-1"]
[WhiteElo "2451"]
[BlackElo "2517"]
[EventDate "2000.06.03"]
[PlyCount "90"]

1.Nf3 Nf6 2.c4 e6 3.g3 a6 4.Nc3 d5 5.cxd5 exd5 6.d4 Be7 7.Bg2 O-O 8.O-O c6
9.Qc2 Nbd7 10.b3 Re8 11.Bb2 Bd6 12.Rae1 Nf8 13.Nd2 Ne6 14.Na4 Bd7 15.f3 c5
16.dxc5 Rc8 17.b4 b6 18.Bxf6 gxf6 19.Nc3 bxc5 20.Nxd5 Nd4 21.Qd1 Be6 22.f4
cxb4 23.e3 Nc2 24.Ne4 Be7 25.Nxe7+ Qxe7 26.f5 Bxa2 27.Qh5 Kh8 28.Rf4 Rg8 
29.Rd1 Nxe3 30.Re1 Nxg2 31.Kxg2 Bd5 32.Kh3 Rg7 33.Re2 b3 34.Nc3 Qc5 35.
Nxd5 Qxd5 36.Qh6 Qd6 37.Rfe4 a5 38.Rd2 Qb6 39.Re1 a4 40.Qf4 a3 41.Rd6 Qa5 
42.Red1 a2 43.Qd4 Qxf5+ 44.Kg2 b2 45.Rxf6 b1=Q 0-1

[Event "zonal 1.6"]
[Site "Samara RUS"]
[Date "2000.06.26"]
[Round "10"]
[White "Kornev, Alexei"]
[Black "Voitsekhovsky, Stanislav"]
[Result "1/2-1/2"]
[WhiteElo "2384"]
[BlackElo "2546"]
[EventDate "2000.06.03"]
[PlyCount "108"]

1.e4 c5 2.d3 Nc6 3.g3 g6 4.Bg2 Bg7 5.Nf3 e5 6.O-O Nge7 7.a3 O-O 8.c3 d6 9.
b4 h6 10.Nbd2 Be6 11.Bb2 f5 12.Re1 a6 13.d4 exd4 14.cxd4 Bf7 15.bxc5 dxc5 
16.e5 cxd4 17.e6 Be8 18.Nc4 Qc7 19.Rc1 Rd8 20.Qb3 Qb8 21.Nb6 Qd6 22.a4 Na5
23.Qa3 Qxb6 24.Qxe7 Bc6 25.Rb1 Rde8 26.Qxg7+ Kxg7 27.Bxd4+ Qxd4 28.Nxd4 
Bxg2 29.Kxg2 Re7 30.Re5 Nc6 31.Nxc6 bxc6 32.Rb6 Rc8 33.Rc5 Rxe6 34.Rxa6 
Kf6 35.a5 Ke7 36.Rb6 Kd6 37.Rc2 Re5 38.a6 Ra5 39.h4 g5 40.h5 g4 41.Rb7 
Rxa6 42.Rh7 Re8 43.Rd2+ Kc5 44.Rxh6 Re1 45.Rc2+ Kd5 46.Rh8 c5 47.Rd8+ Kc6 
48.Rc8+ Kd6 49.Rd2+ Ke7 50.Rc7+ Kf6 51.Rd8 Raa1 52.Rf8+ Kg5 53.Rg8+ Kh6 
54.Rf8 Kg5 1/2-1/2

[Event "zonal 1.6"]
[Site "Samara RUS"]
[Date "2000.06.26"]
[Round "10"]
[White "Alavkin, Arseny"]
[Black "Totsky, Leonid"]
[Result "1/2-1/2"]
[WhiteElo "2397"]
[BlackElo "2524"]
[EventDate "2000.06.03"]
[PlyCount "81"]

1.d4 e6 2.e4 d5 3.e5 c5 4.c3 Qb6 5.Nf3 Bd7 6.a3 cxd4 7.cxd4 Bb5 8.Bxb5+ 
Qxb5 9.Nc3 Qa6 10.Ne2 Ne7 11.O-O Nd7 12.Ng3 Nc6 13.Nh5 Qb6 14.Qa4 g6 15.
Nf6+ Nxf6 16.exf6 Bd6 17.Bh6 O-O-O 18.Rac1 Kb8 19.Rc3 Rd7 20.Rfc1 Rc8 21.
g3 Qd8 22.b4 Rdc7 23.b5 Na5 24.Rxc7 Rxc7 25.Rxc7 Bxc7 26.Qb4 Bd6 27.Bf4 
Nc4 28.Ng5 Bxf4 29.gxf4 Nd6 30.Nxh7 Nc8 31.Nf8 Nd6 32.Nh7 Qc7 33.Kg2 Kc8 
34.Ng5 Kd7 35.Nf3 Ke8 36.Ne5 b6 37.Qb3 Qd8 38.Qc3 Kf8 39.Qh3 Kg8 40.Ng4 
Nf5 41.a4 1/2-1/2

[Event "zonal 1.6"]
[Site "Samara RUS"]
[Date "2000.06.26"]
[Round "10"]
[White "Bocharov, Dmitry"]
[Black "Sidorov, Anatoly"]
[Result "1-0"]
[WhiteElo "2475"]
[BlackElo "2339"]
[EventDate "2000.06.03"]
[PlyCount "117"]

1.d4 Nf6 2.Nf3 e6 3.c4 b6 4.a3 Ba6 5.Qc2 d5 6.cxd5 exd5 7.g3 Bb7 8.Bg2 Bd6
9.Nc3 a6 10.Nh4 O-O 11.Nf5 Re8 12.O-O Bf8 13.Bg5 g6 14.Nh6+ Bxh6 15.Bxh6 
Nc6 16.Rad1 Ne7 17.Bg5 Kg7 18.Rfe1 Nfg8 19.e4 dxe4 20.d5 f6 21.Bf4 g5 22.
Bxc7 Qxc7 23.d6 Qc4 24.dxe7 Rxe7 25.Qa4 Rc8 26.Bh3 b5 27.Qxc4 Rxc4 28.Re3 
Rc5 29.f3 Rce5 30.fxe4 f5 31.Ne2 Nf6 32.Nd4 Bxe4 33.Rde1 g4 34.Bg2 Rd7 35.
Nxf5+ Rxf5 36.Bxe4 Re5 37.Bg2 Rxe3 38.Rxe3 Kg6 39.Kf2 Kf5 40.Ke2 Rd6 41.
Re7 b4 42.axb4 h5 43.Rc7 Rd4 44.Rc5+ Kg6 45.b5 Rb4 46.bxa6 Rxb2+ 47.Kf1 
Rb1+ 48.Kf2 Rb2+ 49.Kg1 Rb1+ 50.Bf1 Ra1 51.Re5 Nd7 52.Re7 Nc5 53.a7 Kf5 
54.Kf2 Ra2+ 55.Ke3 Kf6 56.Rh7 Ra3+ 57.Kd2 Ke6 58.Rc7 Nb3+ 59.Kc3 1-0

[Event "zonal 1.6"]
[Site "Samara RUS"]
[Date "2000.06.26"]
[Round "10"]
[White "Sultanov, Alexander"]
[Black "Sergienko, Sergei"]
[Result "1/2-1/2"]
[WhiteElo "2294"]
[BlackElo "2425"]
[EventDate "2000.06.03"]
[PlyCount "23"]

1.c4 c5 2.Nf3 Nf6 3.Nc3 d5 4.cxd5 Nxd5 5.d4 Nxc3 6.bxc3 g6 7.e4 Bg7 8.Rb1 
O-O 9.Be2 cxd4 10.cxd4 Qa5+ 11.Qd2 Qxd2+ 12.Bxd2 1/2-1/2

[Event "zonal 1.6"]
[Site "Samara RUS"]
[Date "2000.06.26"]
[Round "10"]
[White "Utnasunov, Alexander"]
[Black "Khliyan, Eduard"]
[Result "0-1"]
[WhiteElo "2175"]
[BlackElo "2454"]
[EventDate "2000.06.03"]
[PlyCount "72"]

1.d4 d5 2.c4 dxc4 3.Nc3 a6 4.e3 e6 5.Bxc4 c5 6.a4 Nf6 7.Nf3 Nc6 8.O-O Be7 
9.b3 cxd4 10.exd4 O-O 11.Bb2 Nb4 12.Re1 b6 13.Ne5 Bb7 14.Qe2 Nfd5 15.Ne4 
Rc8 16.Rad1 Rc7 17.g3 Re8 18.f4 Bf8 19.Rc1 Qc8 20.Qh5 f6 21.Nd3 Rd8 22.
Ndf2 Qd7 23.Qe2 Re8 24.Ng4 Kh8 25.Ngf2 Rd8 26.Red1 Ra8 27.Nd3 Nxd3 28.Bxd3
Nb4 29.Bc4 Qc6 30.d5 exd5 31.Bxd5 Qxd5 32.Rxd5 Bxd5 33.Qf2 Nd3 34.Qd4 Bxe4
35.Rd1 Bc5 36.Rxd3 Bxd3 0-1

[Event "zonal 1.6"]
[Site "Samara RUS"]
[Date "2000.06.26"]
[Round "10"]
[White "Belitsky, Alexander"]
[Black "Yashtylov, Anatoly"]
[Result "1-0"]
[WhiteElo "2306"]
[BlackElo "2319"]
[EventDate "2000.06.03"]
[PlyCount "81"]

1.d4 d5 2.c4 e6 3.Nf3 c6 4.Qc2 dxc4 5.Qxc4 Nf6 6.g3 b5 7.Qc2 Bb7 8.Bg2 
Nbd7 9.O-O c5 10.Nc3 Qb6 11.a4 b4 12.a5 Qa6 13.Nd1 Rc8 14.Qd2 Ne4 15.Qe3 
Ndf6 16.Ne5 cxd4 17.Qxd4 Bc5 18.Qd3 Rd8 19.Qc2 O-O 20.Nd3 Rc8 21.Nxc5 Rxc5
22.Qa4 Qxe2 23.Qxb4 Rb5 24.Qe1 Qh5 25.a6 Ba8 26.f3 Ng5 27.g4 Qg6 28.h4 
Nxf3+ 29.Bxf3 Nxg4 30.Qg3 Bxf3 31.Rxf3 Qh5 32.Nf2 Ne5 33.Rc3 Rb4 34.Bf4 
Rb5 35.Rac1 Ng6 36.Rc8 e5 37.Rxf8+ Nxf8 38.Be3 f5 39.Rc8 Qe2 40.Bc5 Rxc5 
41.Qb3+ 1-0